000 01073cam a22002411 4500
001 rc 01000149
003 DLC
005 20260227111859.0
008 790725s1885 xx 000 0 eng
010 _arc 01000149
035 _a(OCoLC)5206081
040 _aDLC
_cCChiS
_dUU
_dDLC
042 _apremarc
050 0 0 _aF746
_b.O58
100 1 _aOnderdonk, James Lawrence,
_d1854-1899.
245 1 0 _aIdaho;
_bfacts and statistics concerning its mining, farming, stock-raising, lumbering and other resources and industries. Together with notes on the climate, scenery, game, and mineral springs. Information for the homeseeker, capitalist, prospector, and traveler.
_cBy James L. Onderdonk, territorial controller.
260 _aSan Francisco,
_bA. L. Bancroft,
_c1885.
300 _a150 p.
_c22 cm.
490 0 _aHistory of the Pacific Northwest, PNW
_vno. 204, Research Publications, Inc. Microfilm, Reel 20
530 _aAlso available in digital form on the Internet Archive Web site.
651 0 _aIdaho.
856 4 1 _uhttp://hdl.loc.gov/loc.gdc/scd0001.00171677762
999 _c51735
_d51735